000 00804nam a2200229Ia 4500
003 GCL
008 140319s9999 xx 000 0 ara d
040 _aGCL /
_cGCL
082 0 4 _a001.5
_bس ا
100 1 _aسمير محمد حسين
245 1 0 _aالاعلام التليفزيونى الخليجى والتنمية الشاملة /
_cسمير محمد حسين
260 _a[S.N] :
_bجوردون. ج. فان دايلن ،
_c1988
300 _a178 ص
490 _aسلسلة بحوث ودراسات تليفزيونية
_v0
650 0 4 _aالتنمية الاجتماعية
650 0 4 _aالاعلام
650 0 4 _aالوعى الاجتماعى
650 0 4 _aوسائل الاعلام
650 0 4 _aالتوعية
650 0 4 _aالتليفزيون الخليجى
942 _2ddc
_cBK
999 _c35967
_d35967